How to read financial statements

Bibliographic Details
Main Author: Lazar, Jane (Author)
Format: Book
Language:English
Published: Kuala Lumpur : Leeds Publications 1995
Subjects:

MARC

LEADER 00000cam a2200000 7i4500
001 0000001210
005 20240924.0
008 991125 my a eng
020 |a 9839839233 
040 |a INS   |b eng   |e rda 
090 0 0 |a HF5681.B2   |b L39 1995 
100 1 |a Lazar, Jane ,   |e author 
245 1 0 |a How to read financial statements   |c Jane Lazar 
264 1 |a Kuala Lumpur :   |b Leeds Publications   |c 1995 
264 4 |c ©1995 
300 |a vii, 165 pages :   |b illustrations ;   |c 19 cm. 
336 |a text  |2 rdacontent 
337 |a unmediated  |2 rdamedia 
338 |a volume  |2 rdacarrier 
504 |a Includes bibliographical references and index 
650 0 |a Financial Statements 
999 |a 0000006001   |b BOOK   |c Open Shelf   |e Default branch